00301nam a2200109Ia 4500008004100000041000800041100001800049245005400067260003100121300000800152700003100160250110s9999 xx 000 0 und d aeng aMehta Rajvi J aParaplegic Rehabilitation Centre For Armed Forces bBNCA B-Arch ID, Punec2016 a95p aGuide Name:Murugkar Kavita